| 000 | 02378nam a2200337 a 4500 | ||
|---|---|---|---|
| 003 | DO-SdBNP | ||
| 005 | 20250227073855.0 | ||
| 007 | ta | ||
| 008 | 211230e2002 dr aco|gr|||| 001 0 spa d | ||
| 020 | _a999343034X | ||
| 040 |
_aDO-SdBNP _bspa _cBNPHU |
||
| 082 | 4 |
_222 _bO13p |
|
| 111 | 1 |
_923010 _aConcurso de Arte y Literatura Bancentral _n(7 : _d1995 : _cSanto Domingo, República Dominicana) |
|
| 245 | 1 | 0 |
_aObras premiadas : _bséptimo Concurso de Arte y Literatura Bancentral 2001 / _cEdición, José Alcántara Almánzar y Lourdes Lara |
| 260 |
_aSanto Domingo : _b Banco Central de la República Dominicana, Departamento Cultural, _c2002 |
||
| 300 |
_a76 p : _bil., retr. fotogr. ; _c23 cm. |
||
| 490 |
_aBanco Central de la República Dominicana ; _v46 |
||
| 490 |
_aObras premiadas ; _v7 |
||
| 505 | 0 | _aPresentación. | |
| 505 | 0 |
_aPremios del año 2001 _tPrimer premio. Categoría Pintura _t"Plenitud" _rVladimir A. Bretón Méndez.-- _tAzul-Azul / _rSarah Perelló Cruz _tPrimer premio Categoria Cuento _t"Dos cuentos" / _rHenry Almonte Diloné _tPrimer premio Categoria Fotografía _t"Lago Azul" / _rRafael V. Ravelo _tSegundo premio. Categoria Cuento: _tFrente a la nada, dedos de ruina / _rJuan Manuel Prida _tSegundo premio. Categoria Fotografia _tPaisaje de palmera / Rafael Ravelo Peña _r Rafael Ravelo Peña _tExpresión de carnaval / _rJosé Polanco Santana _tTercer premio. Categoria Cuento _tEl primer encuentro / _rJuan Manuel Prida _tSegundo premio Categoría Pintura _tEl coquero / _rGeraldo Amable Pimentel _tMención de honor Categoría Cuento _tMirtha Celeste Disla _rResplandor / _tTercer premio Categoría Fotografía _tVe y lleva la paz / _rDomingo de la Cruz _tTercer premio Categoria Pintura _tMargarita en mi ventana / _rCelina Fondeur _tMención de honor Categoría Pintura _tMaritza Balbuena / _rChavón _tQuinceañera de la raza negra / _rMarcela Pérez de Martí |
|
| 590 | _aInventariado 2021 / MF | ||
| 650 | 0 |
_975099 _aCertamenes Literarios _xRepública Dominicana |
|
| 650 | 0 |
_973688 _aArte Dominicano _xConcursos |
|
| 650 | 0 |
_979017 _aPinturas _xArtes Plásticas _zRepública Dominicana |
|
| 700 | 1 |
_aAlcántara Almánzar, José _d1946- _eed. _97018 |
|
| 700 |
_922948 _aLara, Lourdes _eed. |
||
| 830 |
_978718 _a Banco Central de la República Dominicana ; _n46 |
||
| 830 |
_943528 _aObras premiadas _n7 |
||
| 910 | _aMFéliz | ||
| 942 |
_2ddc _cLBS1 |
||
| 999 |
_c51148 _d51148 |
||